000 01132naa a22003017a 4500
001 BR8004314
003 BR-BrBNA
005 20240918174632.0
007 ta
008 230509b bl.||||| |||| 00| 0 por d
040 _aBR-BrBNA
_bpor
_cBiblioteca Nacional de Agricultura
041 _a(Pt)
072 _aF00; L30
_b5212
_bG514
090 _aF00 BR8004314
100 1 _aFerreira, R.
111 1 _aSeminario sobre Pastagens
_cPorto Alegre, RS (Brazil)
_d17 Jun 1980
245 1 _aPastagens em rotacao com culturas [capacidade de suporte, bovino, Rio Grande do Sul, Brasil]
260 3 _aPorto Alegre, RS (Brasil):
_c1980.
500 _aAnais do seminario sobre pastagens; de que pastagens necessitamos Porto Alegre, RS (Brasil): 1980. p. 216-233 (BR8004314-AM)F00
650 _aCAPACIDADE DE SUPORTE
650 _aPASTAGEM
650 _aBOVINO
650 _aROTACAO DE CULTURA
650 _aRIO GRANDE DO SUL
773 0 _tAnais do seminario sobre pastagens; de que pastagens necessitamos
_wF00 BR8004314
_gPorto Alegre, RS (Brasil), 1980. p. 216-233
909 _a202404
_bLucia
_c55
_dLucia Elande
942 _cAM
_2AGRIS
999 _c312508
_d312508